| 000 | 00807nas a2200241 4500 | ||
|---|---|---|---|
| 001 | BR9511585 | ||
| 003 | BR-BrBNA | ||
| 005 | 20231205094638.0 | ||
| 007 | ta | ||
| 008 | 230509b bl.|||p| |||| 00| 00por d | ||
| 040 |
_aBR-BrBNA _bpor _cBiblioteca Nacional de Agricultura |
||
| 041 | _a(Pt) | ||
| 072 | _aF60; F61 | ||
| 100 | 1 | _aIuchi, V.L. | |
| 100 | 1 | _aIuchi, T. | |
| 111 | 1 |
_a12. Congresso Brasileiro de Fruticultura _cPorto Alegre, RS (Brazil) _d17-22 Jan 1993 |
|
| 245 | 1 | _aEscolha da melhor parte da folha "D" do abacaxizeiro para amostragem em N.P.K., Ca e Mg | |
| 650 | _aAbacaxi | ||
| 650 | _aAnalise Foliar | ||
| 773 | 0 |
_tRevista Brasileira de Fruticultura (Brazil) _xISSN 0100-2945 _g1992, v. 14(3) p. 13-20 _wBR9511585 |
|
| 909 |
_a202311 _bLúcia _c55 _dLúcia Elande |
||
| 942 |
_2AGRIS _n0 _cANA |
||
| 999 |
_c145854 _d145854 |
||